Szczegóły MARC21

Schlaglichter der deutschen Geschichte /

003 -Nazwa inst., której nr kontr. jest w polu 001 [,]
    • @
    • Nazwa instytucji, której n kontrolny jest w polu 001
    • NUKAT
005 -DATA I CZAS OSTATNIEJ MODYFIKACJI [,]
    • @
    • pole kontrolne
    • 20241231090912.0
020 -Międzynarod. znormalizowany nr książki - ISBN [ , ]
    • a
    • Numer ISBN
    • 3893310649 Find
040 -Instytucja sporządzająca opis [ , ]
    • a
    • Instytucja, która sporządziła opis (NP)
    • KAT U/46MM
    • c
    • Instytucja, która sporządziła rekord (NP)
    • KAT U/46MMs
    • d
    • Instytucja, która zmodyfikowała rekord (P)
    • KAT U/46MM
942 -Rodzaj dokumentu [ , ]
    • c
    • Rodzaj dokumentu
    • Książka
100 -Hasło główne - nazwa osobowa [1, ]
    • a
    • Nazwa osobowa (NP)
    • Müller, Helmut M.
    • 9
    • KHW
    • 492974
245 -Strefa tytułu i oznaczenia odpowiedzialności [1,0]
    • a
    • Tytuł
    • Schlaglichter der deutschen Geschichte / Find
    • c
    • Pozostałe elementy strefy tytułu i oznaczenia odpowiedzialności (NP)
    • Helmut M. Müller ; in Zsarb. mit Karl Friedrich Krieger, Hanna Vollrath und Meyers Lexikonredaktion.
250 -Strefa wydania [ , ]
    • a
    • Oznaczenie wydania (NP)
    • 2., aktualisierte und erw. Aufl.
260 -Strefa adresu wydawniczego [ , ]
    • a
    • Miejsce wydania (P)
    • Bonn :
    • b
    • Nazwa wydawcy (P)
    • Bundeszentrale für politische Bildung,
    • c
    • Data wydania (P)
    • 1990.
300 -Strefa opisu fizycznego [ , ]
    • a
    • Określenie formy książki i/lub objętość (NP)
    • 480 s. :
    • b
    • Oznaczenie ilustracji (NP)
    • il. ;
    • c
    • Format (NP)
    • 22 cm.
336 -Typ zawartości [ , ]
    • a
    • Termin opisujący typ zawartości
    • Tekst
    • b
    • Kod określający zawartość
    • txt
    • 2
    • Źródło (terminu i kodu)
    • rdacontent
337 -Typ mediów [ , ]
    • a
    • Tryb odtwarzania
    • Bez urządzenia pośredniczącego
    • b
    • Kod typu mediów
    • n
    • 2
    • Źródło (terminu i kodu)
    • rdamedia
338 -Typ/rodzaj nośnika [ , ]
    • a
    • Hasło opisujące typ nośnika
    • Wolumin
    • b
    • Kod typu nośnika
    • nc
    • 2
    • Źródło (terminu i kodu)
    • rdacarrier
504 -Uwaga dot. bibliogr. załącznikowej [ , ]
    • a
    • Uwaga dot. bibliografii załącznikowej
    • Indeksy.
651 -Hasło przedmiotowe w formie nazwy geograficznej [ ,7]
    • a
    • Nazwa geograficzna
    • Niemcy
    • x
    • Określnik rzeczowy
    • historia.
    • 2
    • Źródło terminu
    • kaba
    • 9
    • KHW
    • 121153
700 -Hasło dodatkowe - nazwa osobowa [1, ]
    • a
    • Nazwa osobowa (NP)
    • Krieger, Karl Friedrich. Find
    • 9
    • KHW
    • 532216
700 -Hasło dodatkowe - nazwa osobowa [1, ]
    • a
    • Nazwa osobowa (NP)
    • Vollrath, Hanna. Find
    • 9
    • KHW
    • 532217
710 -Hasło dodatkowe - nazwa ciała zbiorowego [2, ]
    • a
    • Nazwa ciała zbiorowego lub nazwa geograficzna jako pierwszy element (NP)
    • Bibliographisches Institut (Mannheim).
    • b
    • Nazwa jednostki podrzędnej (P)
    • Meyers Lexikonredaktion.
    • 9
    • KHW
    • 494263
920 -ISBN [ , ]
    • a
    • ISBN
    • 3-89331-064-9 Find
Lokalizacja Data inwentaryzacji Status udost. Numer inwentarzowy Sygnatura
BM1998-08-26-3G.13374 
BM1998-08-26-3G.13375Germ. Historia Niemiec 02
BM1998-08-26-3G.13373GERM. Historia Niemiec 31
BM1995-11-06-3G.11412Germ. Historia Niemiec 01
BM1998-08-262G.13376 
BM1998-08-26-3G.13377Germ. Historia Niemiec 03
BM1998-08-26-3G.13378Germ. Historia Niemiec 04
BM1998-08-26-3G.13380Germ. Historia Niemiec 05
BM1998-08-262G.13381 
BM1998-08-26-3G.13379Germ. Historia Niemiec 06
G1998-08-26-6G.13383 
G1998-08-26-6G.13384 
G1998-08-26-6G.13385 
G1998-08-26-6G.13382